Normal view
MARC view
- الذنيبات ، غازي مبارك
Entry Personal Name
001 - CONTROL NUMBER
- control field: 26744
003 - CONTROL NUMBER IDENTIFIER
- control field: JO-AjAnu
005 - DATE AND TIME OF LATEST TRANSACTION
- control field: 20230606074543.0
008 - FIXED-LENGTH DATA ELEMENTS
- fixed length control field: 230606|| aca||aabn | a|a d
040 ## - CATALOGING SOURCE
- Original cataloging agency: JO-AjAnu
- Transcribing agency: JO-AjAnu
100 ## - HEADING--PERSONAL NAME
- Personal name: الذنيبات ، غازي مبارك
670 ## - SOURCE DATA FOUND
- Source citation: Work cat.: (JO-AjAnu)13738: الذنيبات ، غازي مبارك , author, الخبرة الفنية في إثبات التزوير في المستندات الخطية فنا وقانونا " دراسة مقارنة "